<?xml version="1.0" encoding="UTF-8"?>
<marc:record xmlns:marc="http://www.loc.gov/MARC21/slim">
   <marc:leader>00000nam a2200000 a 4500</marc:leader>
   <marc:datafield ind1="1" ind2=" " tag="100">
      <marc:subfield code="a">Knösel, Stephan</marc:subfield>
      <marc:subfield code="4">aut</marc:subfield>
      <marc:subfield code="e">Verfasser/-in</marc:subfield>
   </marc:datafield>
   <marc:datafield ind1="1" ind2=" " tag="100">
      <marc:subfield code="a">Jung, Barbara</marc:subfield>
   </marc:datafield>
   <marc:datafield ind1="0" ind2="0" tag="245">
      <marc:subfield code="a">Master of Disaster</marc:subfield>
   </marc:datafield>
   <marc:datafield ind1="0" ind2="0" tag="245">
      <marc:subfield code="b">Chaos ist mein zweiter Name</marc:subfield>
   </marc:datafield>
   <marc:datafield ind1="0" ind2="0" tag="245">
      <marc:subfield code="c">Stephan Knösel. Mit Ill. von Barbara Jung</marc:subfield>
   </marc:datafield>
   <marc:datafield ind1=" " ind2="1" tag="264">
      <marc:subfield code="a">Weinheim</marc:subfield>
      <marc:subfield code="b">Beltz &amp; Gelberg</marc:subfield>
      <marc:subfield code="c">2018</marc:subfield>
   </marc:datafield>
   <marc:datafield ind1="1" ind2=" " tag="520">
      <marc:subfield code="a">Quelle: bn.bibliotheksnachrichten (http://www.biblio.at/literatur/bn/index.html); #Autor: Angela Zemanek-Hackl; #Quentin und Stella mögen einander nicht - auch nicht als sie wider Erwarten nach der Grundschule die gleiche Klasse besuchen. Die Zeiten werden hart! (ab 10) (JE)#Quentin mag Stella überhaupt nicht. Wegen ihr zügelt er sogar seinen Fleiß, um schlechte Noten zu bekommen und auf die Gesamtschule zu wechseln. Als er am ersten Tag nach den Sommerferien Stella in ebendieser Schule und dann auch noch in seiner Klasse sieht, ist er einem Herzinfarkt nahe. Eine Reihe fieser Tricks und Gemeinheiten, die Gestank, Dreck und sonstige Unannehmlichkeiten mit sich bringen, folgen von beiden Seiten. Oft scheint Quentin der Schuldige zu sein, obwohl es auch Stella faustdick hinter den Ohren hat. Doch kein echter Erfolg stellt sich ein. Recht schnell einigen sie sich darauf, dass keiner mit dem anderen in einer Klasse sein will, und hecken einen Plan aus: Urlaub, Ferienlager, Bären und der Diebstahl eines Fußballmaskottchens sind dafür notwendig. Ob er gelingt, muss jede/r selber nachlesen.#Situationskomik, abenteuerliche Streiche, die Beinahe-Entwendung eines Feuerwehrautos, ein hilfsbereiter Onkel, Tipps des kleinen Bruders und viel schulischer Ärger sind die Komponenten dieses äußerst unterhaltsamen (Jungen-)Buches. Eine Empfehlung für alle Bibliotheken!</marc:subfield>
   </marc:datafield>
   <marc:datafield ind1=" " ind2=" " tag="020">
      <marc:subfield code="a">9783407823557</marc:subfield>
      <marc:subfield code="9">9783407823557</marc:subfield>
   </marc:datafield>
   <marc:datafield ind1=" " ind2=" " tag="041">
      <marc:subfield code="a">ger</marc:subfield>
   </marc:datafield>
   <marc:datafield ind1=" " ind2=" " tag="300">
      <marc:subfield code="a">231 S.</marc:subfield>
   </marc:datafield>
</marc:record>
